[Event "AUTO-ADV-1583"]
[Site "http://www.queenalice.com/game.php?id=702218"]
[Date "2009.12.23"]
[Round "1"]
[White "yugioh1"]
[Black "augustoalves"]
[Result "1-0"]
[WhiteElo "1710"]
[BlackElo "1925"]

1. e4 e5 2. Nf3 Nc6 3. Bc4 Nf6 4. Ng5 d5 5. exd5 Nxd5 6. Bxd5 Qxd5 7. O-O Be7 8.
d3 f6 9. Ne4 O-O 10. Qf3 Nd4 11. Nxf6+ Rxf6 12. Qxd5+ Kf8 13. Qxe5 Nxc2 14. Bg5
Nxa1 15. Bxf6 Bxf6 16. Qc5+ 1-0

[Event "AUTO-ADV-1583"]
[Site "http://www.queenalice.com/game.php?id=702219"]
[Date "2009.12.23"]
[Round "1"]
[White "augustoalves"]
[Black "Markus1234567"]
[Result "0-1"]
[WhiteElo "1830"]
[BlackElo "1978"]

1. e4 e5 2. Nf3 Nc6 3. Bc4 Bc5 4. O-O d6 5. d3 Bg4 6. h3 Bh5 7. g4 Bg6 8. Nh4
Nge7 9. Nf3 Nd4 10. Nbd2 Nec6 11. c3 Ne6 12. Bxe6 fxe6 13. Ng5 Qxg5 14. Nf3 Qf6
15. g5 Qf7 16. d4 exd4 17. cxd4 Bb6 18. d5 Bxe4 19. dxc6 Bxf3 20. Qc2 Bxc6 21.
Re1 O-O 22. Be3 Qf3 23. Kf1 Qxh3+ 24. Ke2 Qf3+ 25. Kd2 Ba5+ 26. Kd3 Be4+ 0-1

[Event "AUTO-ADV-1583"]
[Site "http://www.queenalice.com/game.php?id=702220"]
[Date "2009.12.23"]
[Round "1"]
[White "Markus1234567"]
[Black "augustoalves"]
[Result "1-0"]
[WhiteElo "2008"]
[BlackElo "1818"]

1. e4 e5 2. Nf3 Nc6 3. Bb5 Nge7 4. O-O a6 5. Bc4 d5 6. exd5 Nxd5 7. d3 Bc5 8. a3
O-O 9. Bg5 f6 10. Bh4 b5 11. Ba2 a5 12. Qe1 Be6 13. Nc3 b4 14. axb4 axb4 15.
Nxd5 Bxd5 16. Bxd5+ Qxd5 17. Nd2 Nd4 18. Rc1 Ra2 19. c4 bxc3 20. bxc3 Nb5 21. c4
Qxd3 22. cxb5 Rxd2 23. Rxc5 Rd8 24. Qc1 Rd1 25. Qc4+ Qxc4 26. Rxc4 Rxf1+ 27.
Kxf1 Rd7 28. f3 g5 29. Bf2 h5 30. Ba7 1-0

[Event "AUTO-OPEN-1766"]
[Site "http://www.queenalice.com/game.php?id=730169"]
[Date "2010.2.11"]
[Round "2"]
[White "augustoalves"]
[Black "GMNeny"]
[Result "0-1"]
[WhiteElo "1720"]
[BlackElo "1942"]

1. d4 Nf6 2. Nf3 d5 3. e3 g6 4. Bd3 Bg7 5. O-O O-O 6. Nc3 c6 7. Ne2 Bg4 8. Nd2
Nbd7 9. b3 e5 10. dxe5 Nxe5 11. h3 Nxd3 12. cxd3 Bxe2 13. Qxe2 Qd6 14. d4 Rfe8
15. Nf3 Ne4 16. a4 c5 17. dxc5 Qxc5 18. Bb2 Bxb2 19. Qxb2 Rad8 20. Rac1 Qe7 21.
Nd4 Rc8 22. b4 Nd6 23. b5 Nc4 24. Qe2 Qe4 25. Nf3 f5 26. Ng5 Qh4 27. Nf3 Qf6 28.
Rfd1 Rcd8 29. Rd4 Qe6 30. Ng5 Qf6 0-1

[Event "AUTO-OPEN-1766"]
[Site "http://www.queenalice.com/game.php?id=730170"]
[Date "2010.2.11"]
[Round "2"]
[White "GMNeny"]
[Black "augustoalves"]
[Result "1-0"]
[WhiteElo "2001"]
[BlackElo "1731"]

1. e4 e5 2. Nf3 Nc6 3. Bc4 Be7 4. d4 exd4 5. Nxd4 Nxd4 6. Qxd4 f6 7. Qd5 Nh6 8.
Bxh6 d6 9. Bxg7 Kd7 10. Bxh8 Qxh8 11. Nc3 c6 12. Qf7 b5 13. Be6+ Kd8 14. O-O-O
Bxe6 15. Qxe6 Qe8 16. Rxd6+ Bxd6 17. Qxd6+ Qd7 18. Qf8+ Qe8 19. Qxf6+ 1-0

[Event "AUTO-ADV-1656"]
[Site "http://www.queenalice.com/game.php?id=732526"]
[Date "2010.2.16"]
[Round "1"]
[White "ruylopesdesegura"]
[Black "augustoalves"]
[Result "1-0"]
[WhiteElo "1787"]
[BlackElo "1766"]

1. e4 e5 2. Nf3 Nc6 3. Nc3 Nf6 4. Be2 Be7 5. d3 O-O 6. Bd2 d6 7. h3 a6 8. a3 h6
9. O-O b5 10. b4 Be6 11. Be3 d5 12. exd5 Bxd5 13. Re1 e4 14. Nxd5 Qxd5 15. dxe4
Qxe4 16. Bd3 Qe6 17. Bxh6 Qc8 18. Be4 Qe8 19. Ne5 Nxe5 20. Bxa8 Qxa8 21. Rxe5
gxh6 22. Rxe7 c6 23. Qf3 Nd5 24. Qg4+ Kh7 25. Re5 Qd8 26. Qf5+ Kg7 27. Qg4+ Kh7
28. Rh5 Nf6 29. Qf5+ Kg7 30. Rh4 Qd5 31. Qf4 Qg5 32. Qxg5+ hxg5 33. Rd4 Nh5 34.
g3 Re8 35. c4 Re6 36. cxb5 cxb5 37. Rad1 Nf6 38. Rd6 1-0

[Event "AUTO-ADV-1656"]
[Site "http://www.queenalice.com/game.php?id=732527"]
[Date "2010.2.16"]
[Round "1"]
[White "augustoalves"]
[Black "ruylopesdesegura"]
[Result "0-1"]
[WhiteElo "1781"]
[BlackElo "1795"]

1. e4 e5 2. Nf3 Nc6 3. Bb5 a6 4. Bxc6 bxc6 5. Nxe5 Qe7 6. d4 Bb7 7. Nc3 Nf6 8.
f3 d6 9. Nd3 O-O-O 10. O-O g6 11. Re1 Qd7 12. Bg5 Be7 13. Bxf6 Bxf6 14. e5 dxe5
15. dxe5 Qd4+ 16. Kh1 Bh4 17. Re4 Qa7 18. Rxh4 c5 19. Qe2 h5 20. e6 fxe6 21.
Qxe6+ Kb8 22. Qxg6 c4 23. Ne5 Qf2 24. Qg3 Qxc2 25. Qe1 Rhg8 26. g3 Rd3 27. Nxd3
Bxf3+ 0-1

[Event "AUTO-ADV-1656"]
[Site "http://www.queenalice.com/game.php?id=732538"]
[Date "2010.2.16"]
[Round "1"]
[White "Eduarte"]
[Black "augustoalves"]
[Result "1-0"]
[WhiteElo "1994"]
[BlackElo "1732"]

1. e4 e5 2. Nf3 Nc6 3. Bc4 Be7 4. O-O Nf6 5. Nc3 O-O 6. h3 a6 7. a3 b5 8. Ba2 d6
9. d3 Bb7 10. Nh2 Nd4 11. f4 exf4 12. Bxf4 c5 13. Ne2 Nxe2+ 14. Qxe2 Qb6 15. Kh1
g6 16. Bg5 b4 17. Bxf6 Bxf6 18. Rxf6 bxa3 19. bxa3 Qb2 20. Rff1 Kg7 21. Ng4 h5
22. Ne3 f6 23. Bc4 Qe5 24. Rab1 Bc8 25. Rf2 Qc3 26. Rbf1 Bb7 27. Nd5 Bxd5 28.
Bxd5 Ra7 29. g4 hxg4 30. Qxg4 Qxa3 31. Rg1 1-0

[Event "AUTO-ADV-1656"]
[Site "http://www.queenalice.com/game.php?id=732539"]
[Date "2010.2.16"]
[Round "1"]
[White "augustoalves"]
[Black "Eduarte"]
[Result "0-1"]
[WhiteElo "1708"]
[BlackElo "2001"]

1. e4 e5 2. Nf3 Nc6 3. Bb5 a6 4. Bxc6 dxc6 5. Nxe5 Qd4 6. Nf3 Qxe4+ 7. Kf1 Bg4
8. d3 Bxf3 9. gxf3 Qf5 10. Qe2+ Be7 11. Qe4 Qh3+ 12. Ke1 O-O-O 13. Qg4+ Qxg4 14.
fxg4 Bf6 15. Nc3 Ne7 16. Bd2 Rhe8 17. f3 Bd4 18. Kd1 Nd5 19. Re1 Rxe1+ 20. Bxe1
Ne3+ 21. Kd2 Nf1+ 22. Ke2 Ne3 23. Kd2 Nd5 24. Nd1 Re8 25. c3 Bf6 26. a4 Nf4 27.
Nf2 Re2+ 28. Kd1 Rxb2 29. h3 Bxc3 30. Bxc3 Rxf2 31. Bxg7 Rxf3 32. Kd2 Rxd3+ 33.
Kc2 Rxh3 34. Re1 Ne6 35. Be5 b5 36. axb5 cxb5 37. Rf1 c5 38. Rxf7 Re3 39. Bd6 c4
0-1

[Event "AUTO-ADV-1656"]
[Site "http://www.queenalice.com/game.php?id=732544"]
[Date "2010.2.16"]
[Round "1"]
[White "Tchecmaurice"]
[Black "augustoalves"]
[Result "1/2-1/2"]
[WhiteElo "1947"]
[BlackElo "1738"]

1. d4 d5 2. c4 e6 3. Nc3 Nf6 4. a3 Be7 5. Nf3 O-O 6. Bg5 dxc4 7. e4 b5 8. Be2 h6
9. Bxf6 Bxf6 10. Nxb5 Ba6 11. Bxc4 Bxb5 12. Bxb5 c6 13. Ba4 g5 14. O-O g4 15.
Ne5 Bxe5 16. dxe5 Qxd1 17. Raxd1 a5 18. Rd6 c5 19. Rc1 Na6 20. Bb5 Nc7 21. Rxc5
Nxb5 22. Rxb5 Rfc8 23. f3 h5 24. Kf2 Kg7 25. Kg3 Kg6 26. fxg4 hxg4 27. Kxg4 Rc2
28. Kg3 Rc1 29. b4 Rc3+ 30. Kg4 Rxa3 31. bxa5 R3xa5 32. Rxa5 Rxa5 33. Kf4 Ra2
34. Rd8 Kg7 35. Kf3 Ra3+ 36. Ke2 Ra2+ 37. Rd2 Ra5 38. g4 Rxe5 39. Kf3 Ra5 40. h4
Ra3+ 41. Kf4 Ra1 42. Rf2 f6 43. Rf3 Kh6 44. g5+ fxg5+ 45. hxg5+ Kg6 46. Ke5 Ra4
47. Rf6+ Kxg5 48. Rxe6 Ra5+ 49. Kd4 Kf4 50. Rf6+ Kg5 51. e5 Ra4+ 52. Kd5 Ra5+
53. Ke6 Ra6+ 54. Kf7 Ra7+ 55. Kf8 Ra8+ 56. Kg7 Ra7+ 57. Rf7 Ra6 58. Rf6 Ra7+ 59.
Rf7 Ra6 60. Rf6 Ra7+ 61. Kf8 Ra8+ 62. Ke7 Ra7+ 63. Kd8 Ra5 64. Re6 Kf5 65. Kd7
Rxe5 1/2-1/2

[Event "AUTO-ADV-1656"]
[Site "http://www.queenalice.com/game.php?id=732545"]
[Date "2010.2.16"]
[Round "1"]
[White "augustoalves"]
[Black "Tchecmaurice"]
[Result "0-1"]
[WhiteElo "1716"]
[BlackElo "1966"]

1. e4 c5 2. Nf3 Nc6 3. d4 cxd4 4. Nxd4 Nf6 5. Nc3 e5 6. Nxc6 bxc6 7. Bc4 Bb7 8.
O-O Bb4 9. f3 O-O 10. Bd2 Re8 11. a3 Bxc3 12. Bxc3 d5 13. Be2 Qb6+ 14. Kh1 d4
15. Bd2 Rab8 16. b4 c5 17. bxc5 Qxc5 18. Bb4 Qb6 19. Qd2 Nh5 20. g4 Nf4 21. Qd1
Rbc8 22. h4 Qf6 23. g5 Qe6 24. Rf2 f6 25. Bd2 fxg5 26. hxg5 Qh3+ 27. Rh2 Qg3 28.
Bxf4 Qxf4 29. Qg1 Rxc2 30. Qg4 Qxg4 31. fxg4 Bxe4+ 32. Kg1 Rec8 33. Ba6 Rxh2 34.
Kxh2 Rc2+ 35. Kg3 Rg2+ 36. Kh3 d3 37. Bxd3 Bf3 38. Bf5 Re2 39. Rc1 Bb7 40. Rf1
Re3+ 41. Kh4 Rf3 42. Rxf3 Bxf3 43. Kg3 Bd5 44. g6 h6 45. Kf2 Kf8 46. Ke3 Ke7 47.
Bc2 Kf6 48. Bd3 Kg5 49. Be4 Bxe4 50. Kxe4 Kxg4 51. Kxe5 Kg5 52. a4 Kxg6 53. Kf4
h5 54. a5 Kh6 55. a6 g5+ 56. Kg3 h4+ 57. Kg4 Kg6 0-1

[Event "AUTO-ADV-1669"]
[Site "http://www.queenalice.com/game.php?id=737775"]
[Date "2010.2.26"]
[Round "1"]
[White "SprDog"]
[Black "augustoalves"]
[Result "0-1"]
[WhiteElo "1999"]
[BlackElo "1710"]

1. e4 e5 2. Nf3 Nc6 3. Nc3 Nf6 4. Bc4 Bc5 5. a3 O-O 6. d3 d6 7. Bg5 h6 8. Bxf6
Qxf6 9. Nd5 Qd8 10. O-O Nd4 11. Nxd4 Bxd4 12. c3 Bb6 13. Nxb6 axb6 14. Qf3 Be6
15. Bxe6 fxe6 16. Qg4 Rf6 17. b3 d5 18. Rfd1 Qe7 19. b4 c5 20. Qg3 Qd6 21. Rdc1
Rf4 22. f3 b5 23. Qg6 Rf6 24. Qg3 Qb6 25. Qf2 d4 26. cxd4 cxd4 27. Rc5 Ra4 28.
Rxe5 Qa7 29. Qa2 Qb6 30. Qc2 Qc6 31. Qb3 Kf7 32. Rc5 Qb6 33. Qb2 Qa6 34. Qxd4
Rxa3 35. Rxa3 Qxa3 36. Rxb5 Qc1+ 37. Kf2 Qd2+ 38. Kg3 Rg6+ 0-1

[Event "AUTO-ADV-1669"]
[Site "http://www.queenalice.com/game.php?id=737776"]
[Date "2010.2.26"]
[Round "1"]
[White "augustoalves"]
[Black "SprDog"]
[Result "1-0"]
[WhiteElo "1746"]
[BlackElo "1971"]

1. e4 e5 2. Nf3 Nc6 3. Bc4 Be7 4. O-O d6 5. d3 Bg4 6. Nbd2 Nf6 7. h3 Bh5 8. g4
Bg6 9. Ng5 Nxg4 10. Nxf7 Bxf7 11. Qxg4 O-O 12. Bxf7+ Rxf7 13. Nf3 h6 14. Bxh6
Kh7 15. Be3 Qh8 16. Bg5 Bxg5 17. Nxg5+ Kg8 18. Nxf7 Kxf7 19. Kh2 Qc8 20. Qxc8
Rxc8 21. f4 Ke7 22. f5 Rh8 23. Rg1 Kf7 24. Rg6 Ne7 25. Rg4 g6 26. fxg6+ Nxg6 27.
Rf1+ Nf4 28. h4 Ke6 29. Rfxf4 exf4 30. Rxf4 d5 31. exd5+ Kxd5 32. Kh3 Ke5 33.
Rf7 Rc8 34. h5 Ke6 35. Rf3 Rh8 36. Kh4 Rh7 37. Rg3 Kf7 38. Rg6 Rg7 39. Rxg7+
Kxg7 40. Kg5 Kh7 41. d4 c6 42. b4 a6 43. c4 1-0

[Event "AUTO-ADV-1669"]
[Site "http://www.queenalice.com/game.php?id=737783"]
[Date "2010.2.26"]
[Round "1"]
[White "vininetto"]
[Black "augustoalves"]
[Result "1-0"]
[WhiteElo "1980"]
[BlackElo "1713"]

1. e4 e5 2. Nf3 Nc6 3. Bc4 Nf6 4. Ng5 d5 5. exd5 Nxd5 6. d3 Be7 7. Ne4 O-O 8.
O-O a6 9. Bd2 b5 10. Bb3 f5 11. Ng3 Kh8 12. Nc3 Nxc3 13. Bxc3 f4 14. Ne4 Bf5 15.
Qe2 Nd4 16. Qd1 Bxe4 17. dxe4 c5 18. Bd5 Rb8 19. Bd2 c4 20. c3 Nf5 21. Qe2 1-0

[Event "AUTO-ADV-1669"]
[Site "http://www.queenalice.com/game.php?id=737784"]
[Date "2010.2.26"]
[Round "1"]
[White "augustoalves"]
[Black "vininetto"]
[Result "0-1"]
[WhiteElo "1726"]
[BlackElo "1972"]

1. e4 e5 2. Nf3 Nc6 3. Bc4 Bc5 4. O-O Nf6 5. Nc3 O-O 6. d3 h6 7. a3 d6 8. b4 Bb6
9. Nd5 Bg4 10. h3 Bh5 11. g4 Bg6 12. Nxb6 axb6 13. b5 Na5 14. Bd5 Nxd5 15. exd5
Qd7 16. a4 c6 17. c4 cxd5 18. cxd5 Rac8 19. Re1 f5 0-1

[Event "AUTO-OPEN-2092"]
[Site "http://www.queenalice.com/game.php?id=827936"]
[Date "2010.9.4"]
[Round "1"]
[White "StoneStorm"]
[Black "augustoalves"]
[Result "1-0"]
[WhiteElo "1212"]
[BlackElo "1751"]

1. e3 e5 2. Nc3 Nf6 3. e4 Bc5 4. Qf3 O-O 5. d4 exd4 6. Nd5 Nxd5 7. exd5 d6 8.
Qg3 g6 9. Ne2 Re8 10. Bg5 Qd7 11. c3 d3 12. Be3 dxe2 13. Bxe2 Bxe3 14. fxe3 Qf5
15. Rf1 Qxd5 16. c4 Qa5+ 17. Kf2 Qd2 18. Qf3 1-0

[Event "AUTO-OPEN-2092"]
[Site "http://www.queenalice.com/game.php?id=827937"]
[Date "2010.9.4"]
[Round "1"]
[White "augustoalves"]
[Black "StoneStorm"]
[Result "0-1"]
[WhiteElo "1751"]
[BlackElo "1212"]

1. e4 d5 2. Nc3 dxe4 3. Nxe4 Nf6 4. Nxf6+ gxf6 5. Nf3 Nc6 6. Bc4 Bg4 7. O-O Ne5
8. Be2 Nxf3+ 9. Bxf3 Bxf3 10. Qxf3 Bh6 11. Qxb7 O-O 12. d3 Rb8 13. Qxa7 Bxc1 14.
Rfxc1 Rxb2 15. Qe3 Qa8 16. Qg3+ Kh8 17. Qxc7 Rb7 18. Qxe7 Rxe7 0-1